Вычислительные методы для инженеров-химиков: пер. с англ.

Sonraí bibleagrafaíochta
Príomhchruthaitheoir: Розенброк Х.
Rannpháirtithe: Стори С.
Teanga:Rúisis
Foilsithe / Cruthaithe: Москва, Мир, 1968
Ábhair:
Formáid: MixedMaterials LEABHAR
KOHA link:https://koha.lib.tpu.ru/cgi-bin/koha/opac-detail.pl?biblionumber=71951

MARC

LEADER 00000nam0a2200000 4500
001 71951
005 20231031083026.0
035 |a (RuTPU)RU\TPU\book\76691 
090 |a 71951 
100 |a 20041228d1968 km y0rusy50 ca 
101 1 |a rus  |c eng 
102 |a RU 
105 |a a z 001zy 
200 1 |a Вычислительные методы для инженеров-химиков  |e пер. с англ.  |f Х. Розенброк, С. Стори 
210 |a Москва  |c Мир  |d 1968 
215 |a 443 с.  |c ил. 
320 |a Библиогр. в конце глав. 
610 1 |a химия 
610 1 |a химическая технология 
610 1 |a математические методы 
610 1 |a расчеты 
610 1 |a цифровые вычислительные машины 
610 1 |a конструирование 
610 1 |a оптимизация 
610 1 |a библиотека А. Г. Стромберга 
675 |a 66.02.0012  |v 3 
700 1 |a Розенброк  |b Х. 
701 1 |a Стори  |b С. 
801 1 |a RU  |b 63413507  |c 20041228  |g PSBO 
801 2 |a RU  |b 63413507  |c 20180526  |g PSBO 
942 |c BK